| 000 | 00390nam a2200145 i 4500 | ||
|---|---|---|---|
| 001 | 95705 | ||
| 003 | ES-MaACL | ||
| 007 | t| | ||
| 008 | 050602s1974 sp ||||1| spa d | ||
| 100 | 1 |
_aLluch, Camilo. _972958 |
|
| 245 | 1 | 3 |
_aLa industria espaƱola del futuro / _cCamilo Lluch. |
| 260 |
_aMadrid : _bGuadiana, _c1974. |
||
| 300 |
_a228 p. ; _c25 cm. |
||
| 852 |
_aES-MaACL _jE-7219 _bR.91282 |
||
| 999 |
_c95705 _d95705 |
||